000 00432pab a2200169 454500
008 180718b1998 xxu||||| |||| 00| 0 eng d
100 _aO'Brien, John
245 _aIntroduction: the state of state employment
260 _c1998
300 _ap.46-48
362 _aJun
650 _aLabour relations
650 _aEmployment
700 _aHort, Linda
773 _aAustralian Journal of Public Administration
909 _a39715
999 _c39715
_d39715